000 00670nam a2200205Ii 4500
003 JO-AjNU
008 230605s9999||||xx |||||||||||||| ||und||
040 _aJO-AjNU
_bara
_erda
_cJO-AjNU
041 _aara
050 1 4 _aPN1994 2006
100 3 _aالزواوي،محمود,
_eauthor
_910940
245 0 0 _aروائع السينما: أفضل 100 فيلم أمريكي
250 _aط1
264 3 1 _aعمان: الأهلية للنشر والتوزيع، 2006
300 _a448ص
336 _atext
_btxt
_2rdacontent
337 _aunmediated
_bn
_2rdamedia
338 _avolume
_bnc
_2rdacarrier
650 4 _aالسينما - الأفلام الأمريكية
_910941
999 _aA2066
_c5634
_d5634